• 首页
  • 本馆介绍
  • 公告通知
  • 最新文献
  • 馆藏检索
  • 电子资源
  • 读者导购
  • 参考咨询
  • 我的图书馆
  • 登录
  • 详细信息显示
  • 放入我的书架
  • 预约/预借图书
  • 作者相关作品
  • 分类相关作品
  • 丛书相关作品
  • 出版社相关作品

书目信息

  • 表格格式
  • 工作单格式
  • 卡片格式
题名:
减肥圣经
    
 
作者: 朴桂焕 , 马尔凯特 , 边学圣 著 ;千太阳 译
分册:  
出版信息: 北京   团结出版社  2015
页数: 369页
开本: 23cm
丛书名:
单 册:
中图分类: TS974.14
科图分类:
主题词: 减肥--jian fei--基本知识
电子资源:
ISBN: 978-7-5126-3779-5
000 00970nam0 22002891 450
001 0118172001
005 20170618172001.0
010    @a978-7-5126-3779-5@dCNY98.00
100    @a20150916d2015 em y0chiy50 ea
101 1  @achi@ckor
102    @aCN@b110000
105    @aa z 000yy
106    @ar
200 1  @a减肥圣经@Ajian fei sheng jing@dDiet bible@f(韩)朴桂焕...(等)著@g千太阳译@zeng
210    @a北京@c团结出版社@d2015
215    @a369页@c图@d23cm
300    @a精致生活 4
330    @a本书包含了多种减肥法,并针对各减肥法进行分析,提供各种有效的实施方案、减肥食谱以及运动方法。
510 1  @aDiet bible@zeng
606 0  @a减肥@Ajian fei@x基本知识
690    @aTS974.14@v5
701  0 @c(韩)@a朴桂焕@Apu gui huan@4著
701  0 @c(韩)@a马尔凯特@Ama er kai te@c(Market, Diet)@4著
701  0 @c(韩)@a边学圣@Abian xue sheng@4著
712 02 @a千太阳@Aqian tai yang@f(1976~)@4译
801  0 @aCN@bTANGWEI@c20170608
905    @b1007944-6@dTS974.14@e472@f3
    
    减肥圣经=Diet bible/(韩)朴桂焕...(等)著/千太阳译.-北京:团结出版社,2015
    369页:图;23cm
    精致生活 4
    
    ISBN 978-7-5126-3779-5:CNY98.00
    本书包含了多种减肥法,并针对各减肥法进行分析,提供各种有效的实施方案、减肥食谱以及运动方法。
●
相关链接 在E读中查询图书 在五车中查询图书 在当当中查询图书 在豆瓣中查询图书


正题名:减肥圣经     索取号:TS974.14/472         预约/预借

序号 登录号 条形码 馆藏地/架位号 状态 备注
1 1007944   210079449   第二样本阅览室/ [索取号:TS974.14/472] 在馆    
2 1007945   210079458   第三借阅区/ [索取号:TS974.14/472] 在馆    
3 1007946   210079467   教育系资料室/ [索取号:TS974.14/472] 在馆    
唐山师范学院图书馆 欢迎您!
大连网信软件有限公司© 版权所有